000 02471 am a2200289 a 4500
005 20240814125047.0
008 100623s2005||||ag a f |||| 001 0dspa d
020 _a9871034067
041 _aspa
092 _c610.8
_l12
_sCIR
100 1 _aCiruzzi, Augusto J.
_91132
245 4 _aLos médicos de Colonia Lucinda.
_bBreve reseña histórica y biográfica de los Primeros Médicos y sus quehaceres en Colonia Lucinda (Cipolletti) /
_cAugusto J. Ciruzzi.
250 _a1a ed.
260 _aNeuquén [Neuquén ; Argentina]:
_bLa Casa del Escritor;
_c2005.
300 _a157 p.
_bil.
500 _aCiruzzi, A. J. (2005). Los médicos de Colonia Lucinda. Breve reseña histórica y biográfica de los Primeros Médicos y sus quehaceres en Colonia Lucinda (Cipolletti). (1a ed.). Neuquén [Argentina] : La casa del escritor.
505 _aEl ser humano se hace de construcciones históricas y es en ese lugar ontológico que el descubrimiento cotidiano se nutre de la labor de buscadores, de arqueólogos de la historia humana. Quizás ese sea el mejor lugar para aproximarse a la definición de Augusto Ciruzzi, quién a pesar de ser ajeno al mundo de la historia, al menos de manera directa, la roza desde el costado de la ciencia. Nacido en 1946, cipoleño por adopción desde 1973, de profesión médico, especializado en traumatología, y como él mismo suele decir "Cada vez menos médico y más humanista", aborda de manera metódica y concienzuda un tema que le es propio como a todos los habitantes de Cipolletti, la historia de los médicos pioneros en la región. Los Médicos de la Colonia Lucinda, es una sinécdoque de la historia de la ciudad. Porteño en su origen, extremadamente patagónico en su madurez. Se formó en un mar de descubrimiento de su tierra adoptiva y se ha transformado en baqueano de ella, abogando constantemente por su conservación y crecimiento, desde su profesión, su militancia política y desde el diario accionar inserto en la sociedad que eligió para vivir y criar a sus hijos; es así que finalmente este libro concentra varias de sus pasiones: medicina, historia, amor por su tierra y profunda indagación del ser humano.
590 _aDonación del autor, 2005
653 _aReseña histórica y biográfica de médicos y pioneros
653 _aColonia Lucinda : Cipolletti
653 _aEstadísticas - Anécdotas
930 _a1647
930 _a1395
930 _a1394
930 _a1393
942 _2ddc
_cBK
999 _c397
_d397